[Event "Superbet Blitz GCT 2019"]
[Site "Bucharest"]
[Date "2019.11.09"]
[Round "3"]
[White "Giri, Anish"]
[Black "Karjakin, Sergey"]
[Result "0-1"]
[WhiteElo "2776"]
[BlackElo "2754"]
[Annotator "TA"]
[PlyCount "90"]
[EventDate "2019.11.09"]
[EventType "tourn"]
[EventCountry "ROU"]
[SourceTitle "playchess.com"]
[Source "ChessBase"]
[SourceQuality "1"]

{[%evp 17,90,0,16,16,12,0,20,0,0,0,0,0,0,0,6,20,4,10,10,0,0,0,0,0,0,0,0,0,0,0,0,0,0,-26,-25,-30,-8,-39,-39,-39,-33,-44,-38,-35,-37,-98,-99,-99,-84,-81,-82,-153,-121,-235,-212,-331,-339,-338,-333,-338,-348,-1170,-1224,-1074,-1025,-1375,-1294,-1158,-1279,-5281,-3964,-2674,-2456,-1831,-1597]} 1. e4 e5 2. Nf3 Nc6 3. Bc4 Bc5 4. c3 Nf6 5. d4 exd4 6. e5 d5 7. Bb5 Ne4 8. cxd4 Bb6 9. Nc3 O-O 10. Be3 {C54: Giuoco Piano: 4 c3 Nf6, main lines with 5 d4 and 5 d3} Bg4 11. h3 Bh5 12. Qc2 {The position is equal.} Nxc3 13. bxc3 f6 14. exf6 Qxf6 15. Be2 Rae8 16. O-O {[#]} h6 $146 ({Predecessor:} 16... Kh8 17. a4 Bg6 {1-0 (41) Jones,G (2682)-Jakovenko,D (2735) St Petersburg 2018}) 17. Rae1 Qd6 18. Nd2 Bxe2 19. Rxe2 Na5 {[%cal Bc6a5,Ba5c4,Bc4d6][%mdl 32]} 20. g3 Qd7 21. Kg2 c6 22. Rfe1 Bc7 23. Qd3 b5 24. f4 Nc4 25. Bf2 Rxe2 26. Rxe2 Re8 27. Nf3 Rxe2 28. Qxe2 Nd6 29. Nd2 a5 30. g4 a4 31. Bg3 (31. f5 $15) 31... Ba5 $17 32. Qe3 Ne4 33. Nxe4 dxe4 34. f5 (34. Kg1 $142) 34... Qd5 35. a3 {[#]} (35. Kg1 $17 {was worth a try.}) 35... Bd8 $1 $19 36. Be5 (36. Qf4 {was necessary.} Be7 37. Qb8+ Kf7 38. Qa7) 36... Bg5 37. Bf4 ({But not} 37. Qe2 Be7 $19) 37... Be7 38. Kg3 c5 39. Be5 $2 (39. f6 Bxf6 40. dxc5) 39... cxd4 {[%mdl 64] [#] Discovered Attack. Black is clearly winning.} 40. Bxd4 Bxa3 41. f6 Bd6+ 42. Kg2 g5 43. Kg1 a3 44. f7+ Kxf7 45. Qf2+ Bf4 {Accuracy: White = 48%, Black = 87%.} 0-1

[Event "Superbet Blitz GCT 2019"]
[Site "Bucharest"]
[Date "2019.11.09"]
[Round "3"]
[White "Mamedyarov, Shakhriyar"]
[Black "Artemiev, Vladislav"]
[Result "1/2-1/2"]
[WhiteElo "2772"]
[BlackElo "2731"]
[Annotator "TA"]
[PlyCount "90"]
[EventDate "2019.11.09"]
[EventType "tourn"]
[EventCountry "ROU"]
[SourceTitle "playchess.com"]
[Source "ChessBase"]
[SourceQuality "1"]

{[%evp 10,90,33,29,39,40,49,43,39,44,47,25,34,35,37,14,36,8,20,19,22,25,57,47,42,22,62,63,64,61,68,68,66,65,92,72,73,62,65,62,70,62,68,64,64,64,64,64,64,65,131,58,58,58,58,58,58,58,58,17,17,17,58,0,0,0,0,0,0,0,0,0,0,0,0,0,0,0,0,0,0,0,0]} 1. d4 d5 2. c4 c6 3. Nf3 Nf6 4. Nc3 a6 5. e3 g6 6. a4 b6 {D15: Slav Defence: 4 Nc3 a6 and gambit lines after 4 Nc3 dxc4} (6... a5 7. Be2 Bg7 8. O-O O-O 9. b3 Bg4 10. Ba3 Bxf3 11. Bxf3 Re8 12. cxd5 cxd5 13. Qd3 e6 14. Nb5 Bf8 15. Bxf8 Rxf8 16. e4 dxe4 17. Bxe4 {½-½ (41) Mamedyarov,S (2791)-Kamsky,G (2676) Sochi 2017}) 7. Be2 $146 ({Predecessor:} 7. Bd3 Bb7 8. cxd5 cxd5 9. O-O Bg7 10. Qe2 O-O 11. Rd1 Nbd7 12. Bd2 Re8 13. Rac1 e5 14. dxe5 Nxe5 15. Nd4 Nxd3 16. Qxd3 Ne4 17. Be1 Rc8 18. Qb1 h5 19. Nxe4 Rxe4 20. Bc3 h4 21. Qd3 {½-½ (21) Haemmerle,A-Heinzelmann,H Austria 1999}) 7... Bg7 8. O-O O-O {White is slightly better.} 9. b3 Bb7 10. Ba3 Nbd7 11. Rc1 Re8 12. Ne5 e6 13. f4 c5 14. Bf3 Rc8 15. Qe2 Ne4 16. Bxe4 dxe4 17. Rfd1 Nxe5 18. dxe5 Qc7 19. Qc2 $1 Red8 20. Nxe4 Bxe4 21. Qxe4 h5 22. h3 Bf8 23. Kf1 Rd7 24. Bb2 Rcd8 25. Ke2 Be7 26. g4 hxg4 27. hxg4 b5 $1 28. axb5 axb5 29. Bc3 bxc4 {[#]} (29... Rxd1 $14 30. Rxd1 bxc4) 30. bxc4 ({Better is} 30. Rh1 $1 $16 {Threatens to win with Qf3.} cxb3 31. Qf3) 30... Rxd1 $1 $14 31. Rxd1 Rxd1 32. Kxd1 Qd7+ 33. Ke2 Qa4 34. Qd3 Qa2+ 35. Bd2 Kf8 36. e4 (36. g5 $14) 36... Ke8 $11 {The position is equal.} 37. g5 Bd8 38. Kf3 Qa1 39. Be3 Qh1+ 40. Ke2 Ba5 41. Bf2 Bb4 42. Ke3 Qh3+ 43. Ke2 Qh1 44. Ke3 Ba3 45. Ke2 Bb4 {Accuracy: White = 59%, Black = 70%.} 1/2-1/2

[Event "Superbet Blitz GCT 2019"]
[Site "Bucharest"]
[Date "2019.11.09"]
[Round "3"]
[White "Le, Quang Liem"]
[Black "Aronian, Levon"]
[Result "1/2-1/2"]
[WhiteElo "2713"]
[BlackElo "2772"]
[Annotator "TA"]
[PlyCount "105"]
[EventDate "2019.11.09"]
[EventType "tourn"]
[EventCountry "ROU"]
[SourceTitle "playchess.com"]
[Source "ChessBase"]
[SourceQuality "1"]

{[%evp 9,105,6,19,1,24,22,27,4,14,0,20,0,0,0,0,0,8,0,0,0,0,0,0,0,22,0,9,0,0,0,0,-15,-15,-24,-20,-14,0,0,-16,-15,0,0,7,10,44,65,28,40,50,35,105,79,164,135,147,89,125,75,79,67,99,43,52,46,50,47,57,42,87,76,74,52,64,65,173,116,114,124,118,109,118,79,119,116,172,145,139,144,137,143,170,8,8,0,152,0,8,0]} 1. d4 Nf6 2. c4 e6 3. Nf3 d5 4. Nc3 Bb4 5. cxd5 exd5 6. Bf4 {D38: Queen's Gambit Declined: Ragozin Defence (4 Nf3 Bb4)} (6. Bg5 h6 7. Bh4 O-O 8. e3 Bf5 9. Be2 Nbd7 10. Qb3 Bxc3+ 11. Qxc3 g5 12. Bg3 Ne4 13. Qa5 c5 14. Qxd8 Rfxd8 15. dxc5 Ndxc5 {½-½ (71) Grischuk,A (2766)-Dubov,D (2700) Paris 2019}) 6... c6 7. e3 Bf5 8. Qb3 {White has an edge.} Qb6 9. Be2 Be7 10. Nd2 Nbd7 11. O-O O-O 12. Rac1 $146 ({Predecessor:} 12. h3 Rfe8 13. Rfc1 Rac8 {1-0 (59) Guo,Q (2404)-Wan,Q (1840) Zibo 2017}) 12... a5 {[%cal Ba7a5,Ba5a4,Ba4a3][%mdl 32]} 13. h3 Qxb3 14. Nxb3 a4 15. Nd2 a3 16. b3 Bb4 17. Rfd1 h5 18. Nf1 Rfe8 19. Ng3 Bg6 20. Bd3 Bxd3 21. Rxd3 Nf8 22. Na4 Ne6 23. Be5 $36 {[%mdl 2048] White fights for an advantage.} Nd7 {Threatens to win with ...f6.} 24. Nxh5 b5 25. Nc3 Nxe5 26. dxe5 Nc5 27. Rdd1 $1 Rxe5 28. Nf4 g5 29. Nh5 Na6 {[#]} (29... Rc8 $14) 30. Ne2 $1 $16 Bf8 {[#]} (30... Re6 $16) 31. Nd4 $1 $18 ({But not} 31. Rxc6 $6 Nb4 $14) 31... c5 32. Nxb5 (32. Nf6+ $142 Kg7 33. Nd7) 32... Nb4 33. Nc3 Ra6 34. Rd2 f5 35. Rcd1 (35. f4 $16 gxf4 36. exf4 (36. Nxf4 d4 $11)) 35... d4 $1 $14 {[%cal Rd4c3]} 36. exd4 cxd4 37. Rxd4 Rc6 38. Rc4 {Black must now prevent Rxc6.} Rxc4 39. bxc4 Kf7 40. Ng3 Rc5 41. Nb5 Nc2 (41... Rxc4 $14 42. Nxf5 Rc5) 42. Rd5 (42. Rd2 $18 Nb4 43. Nxa3) 42... Rxd5 $16 43. cxd5 {[%mdl 4096] Endgame KBN-KNN} Kf6 44. d6 Ke6 45. d7 {[%mdl 64] Deflection} Kxd7 46. Nxf5 Bc5 (46... Ke6 $16) 47. Kf1 Ke6 48. g4 Kd5 49. Ke2 Kc4 50. Nbd6+ $2 (50. Kd2 $18 Nb4 51. Nxa3+ Kd5 52. Nb5) 50... Kd5 $11 51. Nb5 ({White should try} 51. Nf7 $11) 51... Kc4 $1 $16 {[%cal Rc4b5]} 52. Nbd6+ ({Better is} 52. Kd2 $16 Nb4 53. Nxa3+ Kd5 54. Nb5) 52... Kd5 $11 53. Nb5 {Accuracy: White = 42%, Black = 60%.} 1/2-1/2

[Event "Superbet Blitz GCT 2019"]
[Site "Bucharest"]
[Date "2019.11.09"]
[Round "3"]
[White "Korobov, Anton"]
[Black "Anand, Viswanathan"]
[Result "0-1"]
[WhiteElo "2670"]
[BlackElo "2757"]
[Annotator "TA"]
[PlyCount "146"]
[EventDate "2019.11.09"]
[EventType "tourn"]
[EventCountry "ROU"]
[SourceTitle "playchess.com"]
[Source "ChessBase"]
[SourceQuality "1"]

{[%evp 20,146,29,19,25,21,39,4,44,35,33,40,31,23,35,30,32,21,25,25,85,75,82,79,87,86,93,100,109,105,145,89,100,94,104,37,30,0,55,0,0,0,0,0,0,-105,27,6,20,0,68,40,52,0,0,0,0,0,0,-237,-113,-329,-333,-313,0,-547,-400,-523,-516,-550,-375,-364,-358,-242,-239,-315,0,0,100,100,620,610,579,246,304,230,170,230,255,253,235,241,209,206,206,-12,-12,-33,729,-255,-255,-222,0,0,15,29,103,8,250,-29968,-29970,-29970,-29971,-29974,-29975,-29975,-29976,-29977,-29978,-29978,-29979,-29979,-29980,-29980,-29981,-29981,-29982,-29982,-29983]} 1. d4 Nf6 2. c4 e6 3. Nc3 Bb4 4. e3 O-O 5. Bd3 c5 6. Nf3 d5 7. O-O dxc4 8. Bxc4 Bd7 9. Qe2 Bc6 10. Rd1 Qe7 11. a3 Bxc3 {E54: Nimzo-Indian: Rubinstein: Main Line: 7...dxc4 8 Bxc4} 12. bxc3 Nbd7 13. a4 {[#]} Rac8 $146 {The position is equal.} ({Predecessor:} 13... Rfc8 14. Bb3 Qe8 15. c4 cxd4 16. exd4 Nb6 17. a5 Ba4 18. Bxa4 Nxa4 19. Bd2 {1-0 (50) Gligoric,S (2565)-Taimanov,M (2530) Montilla 1977}) 14. Bb3 Ne4 15. Bb2 b6 16. c4 Rfd8 17. a5 Nd6 18. axb6 axb6 19. Ra7 Ra8 (19... Qe8 $11) 20. Ne5 $1 $16 {[%cal Re5c6]} Bb7 21. Rxb7 {[%mdl 64] Remove Defender} Nxb7 22. Nc6 $1 {[%csl LRd8,LRe7][%mdl 64] Double Attack} Qf8 23. Nxd8 Rxd8 24. d5 e5 25. Ba4 (25. Ra1 $142 $1) 25... Qe7 26. Ra1 Nf6 27. Bc6 (27. Bd1 $16) 27... Na5 $1 $14 28. Ba4 Ne4 ({Black should play} 28... Nb7 $1 $11) 29. f3 (29. Bd1 $14) 29... Nd6 $11 30. Rc1 f6 31. Bd1 Qf7 32. Qd3 (32. e4 $11 {keeps the balance.}) 32... Qg6 (32... Ndxc4 $1 $17 33. Bc3 Rxd5) 33. e4 Qe8 34. Be2 Ra8 ({Black should try} 34... Qa4 $11) 35. Qc2 Nab7 36. Ra1 (36. Bd3 $14) 36... Rxa1+ 37. Bxa1 Qa8 $1 {[%cal Ra8a1]} 38. Bc3 Qa3 39. f4 $2 {[#]} (39. Kf2 $11 {and White stays safe.}) 39... exf4 (39... Nxe4 $1 $19 {[%mdl 512] is more deadly.} 40. Qxe4 Qxc3) 40. Bd2 $2 (40. e5 $17 {is a better defense.} fxe5 41. Bd3) 40... Qa1+ $19 41. Kf2 g5 $2 (41... Qd4+ $19 42. Kf3 g5) 42. Kf3 $2 {[%mdl 8192]} (42. Bd3 $1 $11) 42... Nf7 {Hoping for ...Qg1.} 43. Bc3 Qg1 {( -> ...Qe3+)} 44. Bxf6 Qxh2 {[%csl Gf4][%cal Rh2g3]} 45. Kf2 {[#]} g4 $1 {[%mdl 512]} 46. e5 {[#]} (46. Bxg4 Qg3+) 46... f3 $1 {[%cal Rf3g2]} 47. Bf1 Nxe5 $2 (47... fxg2 $1 $19 48. Bxg2 Qf4+ 49. Kg1 Nxe5 50. Bxe5 Qe3+ 51. Qf2 Qxe5) 48. Qf5 $1 $36 {[%cal Rf5e6][%mdl 2048] White is pushing.} g3+ {[#]} (48... Ng6 $1 $11 {remains equal.}) 49. Ke1 $1 $16 {[%mdl 1536] Threatening mate with Qe6+. White has strong compensation.} f2+ $2 {[%mdl 8192]} (49... Ng6 $16 50. Qxf3 Nd6) 50. Kd1 $18 {White wants to mate with Qe6+.} Ng6 51. Qe6+ Kf8 52. Qd7 {And now Kc2 would win.} Qh1 {[#]} 53. Ke2 $1 Qh5+ ({Of course not} 53... Nf4+ $6 54. Kd2) 54. Kd2 {aiming for Qg7+.} Qh6+ 55. Kc2 Qf4 56. Bg7+ Kg8 {Strongly threatening ...Qf7.} 57. Bc3 $2 (57. Qxb7 $18 Qe4+ 58. Kb3 (58. Kb2 Ne5 $16)) 57... Qf7 $11 58. Qc6 $1 Nf4 $2 {[%mdl 8192]} (58... Qe7 $15) 59. Qxb6 $4 {[%mdl 8192] [#]} (59. Qc8+ $18 {is the narrow road to win.} Qf8 60. Qxb7) 59... Qg6+ $1 $19 60. Qxg6+ hxg6 $2 {[%mdl 4096] Endgame KBB-KNN} (60... Nxg6 $19 61. Kd2 Nd6) 61. Be5 $11 g5 62. Kd2 {Ke3 is the strong threat.} Na5 (62... Nh5 $1 $11) 63. Ke3 (63. Bf6 $16) 63... Nb3 $2 (63... Nxg2+ $11 64. Kf3 {[%mdl 64] Double Attack} (64. Bxg2 Nxc4+ {[%mdl 64] Double Attack} 65. Ke4 Nd2+ 66. Kf5 f1=Q+ 67. Bxf1 Nxf1 $11) 64... Ne1+ 65. Kxg3 Nc2) 64. Bxf4 $4 {[%mdl 8192]} (64. Bf6 $18) 64... gxf4+ {Black mates.} 65. Kxf4 Nd2 66. Kxg3 Nxf1+ 67. Kxf2 {KN-K3P} Nd2 68. Ke3 Nxc4+ 69. Ke4 Kf7 70. g4 Kf6 71. Kf4 Nd6 72. g5+ Kg6 73. Ke5 Nb5 {Accuracy: White = 34%, Black = 45%.} 0-1

[Event "Superbet Blitz GCT 2019"]
[Site "Bucharest"]
[Date "2019.11.09"]
[Round "4"]
[White "Giri, Anish"]
[Black "Caruana, Fabiano"]
[Result "1/2-1/2"]
[WhiteElo "2776"]
[BlackElo "2822"]
[Annotator "TA"]
[PlyCount "161"]
[EventDate "2019.11.09"]
[EventType "tourn"]
[EventCountry "ROU"]
[SourceTitle "playchess.com"]
[Source "ChessBase"]
[SourceQuality "1"]

{[%evp 9,161,8,20,27,21,25,25,20,22,30,15,0,0,25,50,38,91,95,97,93,121,122,118,80,77,75,98,105,114,114,111,112,126,129,122,121,130,122,126,120,127,112,154,125,158,158,153,156,149,102,132,113,126,46,48,0,0,0,0,0,0,0,49,-44,-43,-43,-43,-57,0,-56,-56,-57,-57,-57,-57,-72,-72,-72,-72,-113,-33,-33,-33,-56,-56,-56,-56,-56,-56,-56,-56,-56,-56,-56,-56,-56,0,-56,0,-56,0,-56,0,-56,0,-56,-56,-56,-56,-57,-57,-57,-56,-57,-57,-59,-56,-56,0,-59,-56,-59,0,-137,-137,-137,-127,-348,-367,-404,-194,-169,0,-393,0,0,0,0,0,0,0,0,0,0,0,0,0,0,0,0,0,0,0,0]} 1. Nf3 d5 2. d4 Nf6 3. c4 e6 4. g3 Bb4+ 5. Bd2 Bd6 6. Bg2 {E01: Catalan: Early deviations} O-O 7. O-O Nbd7 8. c5 {White has an edge.} Be7 9. Nc3 Ne4 10. Bf4 $146 ({Predecessor:} 10. Qc2 f5 11. Bf4 g5 12. Be3 c6 {½-½ (30) Ponomariov,R (2686)-Hou,Y (2658) Shenzhen 2018}) 10... Nxc3 11. bxc3 c6 12. Qa4 $36 {[%mdl 2048] White is pushing.} b5 (12... g5 $14 13. Be3 b6) 13. Qc2 $16 a5 14. e4 Nf6 15. e5 Ne4 16. Nd2 Nxd2 17. Qxd2 Ba6 18. Rfe1 Qd7 19. a3 Rfb8 20. h4 Qb7 21. Reb1 Ra7 22. Bf3 Rba8 23. Kh2 Qd7 24. Bd1 Bf8 25. Bc2 Qe8 26. Re1 Bc8 27. Qd3 {[%csl Gc2][%cal Rd3h7] [#]} f5 28. exf6 $1 gxf6 29. Qf3 Qf7 30. Re2 Bg7 31. Bd6 (31. Rae1 $16) 31... e5 $1 $14 32. Bf5 e4 33. Qg4 Bxf5 34. Qxf5 Qg6 35. Qe6+ Rf7 (35... Qf7 {looks sharper.} 36. Qf5) 36. Bf4 (36. a4 $14 f5 37. Qxg6 hxg6 38. axb5 cxb5 39. Rb2) 36... f5 $15 37. Qxg6 hxg6 38. Be3 Rb7 ({Black should try} 38... a4 $15) 39. Rb2 (39. a4 $11) 39... a4 40. Rg1 Bf6 41. Kg2 Kf7 42. Rh1 Rh8 43. Rbb1 Ke6 44. f4 exf3+ (44... Bd8 $17) 45. Kxf3 Kf7 46. Bf4 Re7 47. Kf2 Re4 48. Kf3 Rhe8 49. Rbd1 Bd8 50. Rd3 Rh8 51. Rdd1 Ba5 52. Rc1 Bd8 53. Rcd1 $1 Bf6 (53... Be7 $15) 54. Rc1 (54. Rb1 $1 $11) 54... Rhe8 55. Rcd1 $1 Bd8 56. Rd3 $1 Rh8 (56... Re1 $5 57. Rd1 $8 R1e4 $11) 57. Rdd1 $1 Rh5 58. Rc1 Bf6 59. Rcd1 Rh7 60. Rc1 Ke6 61. Rcg1 Bd8 62. Rd1 Be7 63. Rc1 Bf6 ({Better is} 63... Rh8 $15) 64. Rcd1 (64. Rcg1 $1 $11) 64... Bg7 65. Rdg1 Bh6 (65... Kf7 $15) 66. Rf1 (66. Bxh6 $11 {remains equal.} Rxh6 67. g4) 66... Bxf4 $17 67. gxf4 {[%mdl 4096] Endgame KRR-KRR} Kf6 68. Rd1 $2 (68. Rfg1 $17 {was called for.}) 68... Rhe7 $19 69. Rd3 Re2 (69... Re1 $142 70. Rxe1 Rxe1) 70. h5 {[#]} Ra2 $2 (70... Re1 $1 $19 {[%cal Re1h1]} 71. Rxe1 Rxe1) 71. hxg6 $2 {[%mdl 8192]} (71. h6 $11 {and White has nothing to worry.} Rh7 72. Re3) 71... Kxg6 $2 ({Black should play} 71... Rxa3 $19 72. Kf2 b4) 72. Rdd1 $1 $11 {The position is equal.} Rg7 73. Rde1 Kf7 74. Rh5 Kg6 ({Don't play} 74... Rxa3 75. Rxf5+ Kg8 76. Re8+ Kh7 77. Re3 $15) 75. Rh8 Rxa3 76. Re6+ Kf7 77. Rxc6 Rxc3+ 78. Kf2 a3 79. Rc7+ Kg6 80. Rc6+ Kf7 81. Rc7+ {Accuracy: White = 58%, Black = 39%.} 1/2-1/2

[Event "Superbet Blitz GCT 2019"]
[Site "Bucharest"]
[Date "2019.11.09"]
[Round "4"]
[White "So, Wesley"]
[Black "Mamedyarov, Shakhriyar"]
[Result "1/2-1/2"]
[WhiteElo "2760"]
[BlackElo "2772"]
[Annotator "TA"]
[PlyCount "113"]
[EventDate "2019.11.09"]
[EventType "tourn"]
[EventCountry "ROU"]
[SourceTitle "playchess.com"]
[Source "ChessBase"]
[SourceQuality "1"]

{[%evp 31,113,10,10,8,11,8,12,6,14,2,22,-6,0,0,0,0,0,0,0,0,0,0,24,0,0,0,0,-18,-8,-21,-9,-24,-31,-28,-1,-95,-102,-103,-35,-42,-3,-4,-6,-19,0,0,51,-97,0,0,0,0,0,0,0,0,0,0,0,0,0,0,0,-14,-8,-8,0,0,0,-6,0,0,0,-5,-5,-5,-5,-5,-5,-5,0,-5,0,0]} 1. c4 Nf6 2. g3 g6 3. Bg2 Bg7 4. Nc3 O-O 5. Nf3 c5 6. O-O d5 7. cxd5 Nxd5 8. Nxd5 Qxd5 9. d3 Nc6 10. Be3 Bd7 11. Nd4 Qd6 12. Nxc6 Bxc6 13. Bxc6 Qxc6 14. Rc1 {[%cal Ba1c1,Bc1c5,Bc5b5][%mdl 32]} Qe6 15. Rxc5 Qxa2 16. Rb5 b6 17. Qa1 {A38: Symmetrical English vs ...g6: 4 Bg2 Bg7 5 Nf3 Nf6} Qe6 18. Qa4 Rfc8 19. Ra1 h5 20. h4 {[#]} Bf6 $146 ({Predecessor:} 20... Qd7 21. Qb3 Qg4 22. Qd1 Qd7 23. Qb3 Qg4 24. Qd1 Qd7 25. Qb3 Qg4 {½-½ (25) Leko,P (2731)-Gelfand,B (2759) Sochi 2014}) 21. Qb3 Qd7 22. Rb4 Rab8 23. Qa4 Qd5 24. Qb3 Qd7 25. Qa4 Qd5 26. Qb3 Qb7 27. Bf4 Ra8 28. Be3 Rc6 29. Rba4 a6 30. Rc4 Rac8 31. Rac1 b5 32. Rc5 e6 33. Qc2 (33. Rxc6 $11 Rxc6 34. Rxc6 Qxc6 35. Qa3) 33... Rxc5 $17 34. Bxc5 a5 (34... Qd5 $17 {Hoping for ...a5.} 35. b3 Bd4) 35. e3 $1 $15 Be7 36. d4 a4 37. Qd2 b4 38. Rc4 b3 ({Black should try} 38... a3 $11 39. Qxb4 (39. Rxb4 Qd7 $11) 39... Qxb4 40. Rxb4 Bxc5 41. dxc5 axb2) 39. Rb4 (39. Rxa4 $14 {stays ahead.} Bxc5 40. dxc5) 39... Qd7 (39... Qe4 $17) 40. Bxe7 {The position is equal.} Qxe7 41. Rxa4 $11 {[%mdl 4096] Endgame KQR-KQR} Rc2 42. Qb4 $1 Qf6 43. Qb8+ Kh7 44. Qf4 $1 {[%cal Rf4f6]} Qxf4 (44... Qe7 {seems wilder.} 45. Qb8 Rxb2 46. Ra8 Qf6 47. Qg8+ Kh6) 45. gxf4 Rxb2 {KR-KR} 46. Rb4 Kg7 47. Rb8 Kf6 {next ...Kf5 is good for Black.} 48. Kg2 Rb1 49. Rb7 Kg7 50. Rb8 b2 51. Kf3 f6 52. e4 Kf7 53. Rb7+ Ke8 54. d5 exd5 55. exd5 Kf8 56. d6 Rd1 57. Rxb2 {Accuracy: White = 59%, Black = 44%.} 1/2-1/2

[Event "Superbet Blitz GCT 2019"]
[Site "Bucharest"]
[Date "2019.11.09"]
[Round "4"]
[White "Anand, Viswanathan"]
[Black "Le, Quang Liem"]
[Result "0-1"]
[WhiteElo "2757"]
[BlackElo "2713"]
[Annotator "TA"]
[PlyCount "84"]
[EventDate "2019.11.09"]
[EventType "tourn"]
[EventCountry "ROU"]
[SourceTitle "playchess.com"]
[Source "ChessBase"]
[SourceQuality "1"]

{[%evp 18,84,0,0,-10,0,14,-12,0,-15,-10,-10,-22,-19,-15,-29,-19,-25,0,-8,-7,-36,-27,-37,0,0,0,0,46,0,0,0,0,0,0,0,0,0,0,0,0,0,-8,-198,-205,-202,-193,-266,-272,-355,-340,-389,-340,-318,-327,-642,-625,-623,-619,-748,-739,-742,-742,-647,-733,-727,-714,-837,-798]} 1. e4 c5 2. Nf3 Nc6 3. Bb5 g6 4. O-O Bg7 5. c3 Nf6 6. Re1 O-O 7. d4 d5 8. e5 Ne4 9. Nbd2 cxd4 10. cxd4 Qb6 {B31: Sicilian: 2...Nc6 3 Bb5 g6} (10... Bf5 11. Qa4 Qb6 12. Bxc6 Qxc6 13. Qxc6 bxc6 14. Nb3 a5 15. Be3 Rfb8 16. Re2 a4 17. Nc1 f6 18. exf6 exf6 {0-1 (37) Ulybin,M (2469)-Khalifman,A (2614) Riga 2019}) 11. Bxc6 Qxc6 12. h3 Bf5 $146 {The position is equal.} ({Predecessor:} 12... Rd8 13. Qe2 Be6 14. Nb3 f6 15. Bf4 Rac8 16. Rac1 Qa4 17. Nc5 Nxc5 18. exf6 Bxf6 19. Rxc5 Bf5 20. b3 Qd7 21. Ne5 Qe6 22. b4 b6 {½-½ (22) Polsterer,H (2460)-Mayr,K (2465) ICCF corr 1996}) 13. Nf1 f6 14. Bf4 Rac8 15. Ne3 Be6 16. exf6 exf6 17. Nd2 {[#] Hoping for Nxe4.} f5 18. Nf3 Qb6 19. Rb1 h6 20. Be5 f4 21. Ng4 Bxg4 (21... Bxe5 {looks sharper.} 22. Ngxe5 g5 23. Qe2 Rc7 24. Rbc1 Rg7) 22. hxg4 Rc4 23. Bxg7 Kxg7 24. b3 Rc7 $36 {[%mdl 2048] Black wants to play ...Nc3. Black has some pressure.} 25. Rc1 Rfc8 26. Rxc7+ Qxc7 27. Nd2 Nf6 28. Nf3 g5 29. Ne5 Qc2 30. Nd3 $2 {[#]} (30. Qxc2 $11 {and White is okay.} Rxc2 31. f3) 30... Qxd1 $19 ({And not} 30... Qxa2 31. Re7+ Kg8 32. Nc5 $11) 31. Rxd1 Nxg4 {[%mdl 4096] Endgame KRN-KRN} 32. Kf1 (32. Rc1 $142 Rxc1+ 33. Nxc1) 32... Rc2 33. Ke1 Rxa2 34. Rc1 b6 35. Rc6 Ra3 36. Ne5 $2 (36. Ke2) 36... Ra1+ {Black is clearly winning.} 37. Ke2 Ra2+ 38. Ke1 Nxf2 39. Rg6+ Kh7 40. Rd6 Ne4 41. Rd7+ Kg8 42. Ng4 h5 {Accuracy: White = 46%, Black = 79%.} 0-1

[Event "Superbet Blitz GCT 2019"]
[Site "Bucharest"]
[Date "2019.11.09"]
[Round "4"]
[White "Karjakin, Sergey"]
[Black "Aronian, Levon"]
[Result "1/2-1/2"]
[WhiteElo "2754"]
[BlackElo "2772"]
[Annotator "TA"]
[PlyCount "75"]
[EventDate "2019.11.09"]
[EventType "tourn"]
[EventCountry "ROU"]
[SourceTitle "playchess.com"]
[Source "ChessBase"]
[SourceQuality "1"]

{[%evp 13,75,0,10,-1,19,0,0,0,0,0,0,-10,18,-20,0,-20,-12,-18,-23,-20,-1,-32,0,0,0,-29,0,-30,-22,-29,-5,-2,-6,-20,-20,-20,-20,-20,-23,-28,-32,-29,-18,-34,-34,-34,-34,-32,-23,-24,-23,-23,-8,-18,-9,-15,-14,-23,-8,0,0,-24,0,-8]} 1. e4 e5 2. Nf3 Nc6 3. Nc3 Nf6 4. d4 exd4 5. Nxd4 Bb4 6. Nxc6 bxc6 7. Bd3 d5 8. Bd2 {C47: Scotch Four Knights and Four Knights with 4 g3} Bg4 9. f3 Be6 $146 ({Predecessor:} 9... Bxc3 10. Bxc3 dxe4 11. Bxf6 Qxf6 12. Bxe4 O-O 13. O-O Bf5 14. Bxf5 Qxf5 15. Qd2 Rad8 {½-½ (30) Vitiugov,N (2709)-Yu,Y (2765) Porto Carras 2018}) 10. O-O dxe4 11. Bxe4 Qd4+ 12. Kh1 O-O 13. a3 ({Not} 13. Bxc6 $2 Rad8 $19) 13... Bd6 14. Ne2 Qxb2 15. Bc3 Qb5 16. Bxf6 $1 gxf6 17. f4 {[#] Black must now prevent Nd4.} Qh5 18. Bxc6 Rad8 {And now ...Be5 would win.} 19. Bf3 Qg6 {...Be5 is the strong threat.} 20. Qc1 Bc4 21. Rd1 Bxe2 22. Bxe2 Qe4 23. Bf3 (23. Bd3 {looks sharper.} Qxf4 24. Qxf4 Bxf4 25. Rab1 Bd6 26. Rb7) 23... Qxf4 24. Qxf4 Bxf4 25. g3 Be5 26. Rxd8 Rxd8 $11 {[%mdl 4096] Endgame KRB-KRB} 27. Rd1 Bd6 28. Rd5 Re8 29. a4 Re3 30. Rd3 Re1+ 31. Kg2 f5 32. Rd5 Rc1 33. Rxf5 Rxc2+ 34. Kh3 Kg7 35. Rg5+ Kh8 36. Rf5 Kg7 37. Rg5+ Kh8 38. Rf5 {Accuracy: White = 67%, Black = 44%.} 1/2-1/2